Cost and management accounting / (Record no. 192926)
[ view plain ]
| 000 -LEADER | |
|---|---|
| fixed length control field | 00710nam a2200217Ia 4500 |
| 005 - DATE AND TIME OF LATEST TRANSACTION | |
| control field | 20260129115553.0 |
| 008 - FIXED-LENGTH DATA ELEMENTS--GENERAL INFORMATION | |
| fixed length control field | 210716s2011 xx 000 0 und d |
| 020 ## - INTERNATIONAL STANDARD BOOK NUMBER | |
| International Standard Book Number | 9788180545511 |
| 040 ## - CATALOGING SOURCE | |
| Transcribing agency | AIMIT LIBRARY |
| 041 ## - LANGUAGE CODE | |
| Language code of text/sound track or separate title | eng |
| 082 ## - DEWEY DECIMAL CLASSIFICATION NUMBER | |
| Classification number | 658.1511 |
| Item number | MAHS |
| 100 ## - MAIN ENTRY--PERSONAL NAME | |
| Personal name | Maheshwari, S N. |
| 9 (RLIN) | 253030 |
| 245 ## - TITLE STATEMENT | |
| Title | Cost and management accounting / |
| Statement of responsibility, etc. | By S.N. Maheshwari. |
| 250 ## - EDITION STATEMENT | |
| Edition statement | 1st ed. |
| 260 ## - PUBLICATION, DISTRIBUTION, ETC. | |
| Place of publication, distribution, etc. | New Delhi : |
| Name of publisher, distributor, etc. | Sultan chand & sons , |
| Date of publication, distribution, etc. | 2011. |
| 300 ## - PHYSICAL DESCRIPTION | |
| Extent | xxvi,49,265,281,509,192 p.; |
| Other physical details | PB |
| Dimensions | 25.3 cm. |
| 650 ## - SUBJECT ADDED ENTRY--TOPICAL TERM | |
| Topical term or geographic name entry element | Marginal costing and profit planning |
| 9 (RLIN) | 253031 |
| 650 ## - SUBJECT ADDED ENTRY--TOPICAL TERM | |
| Topical term or geographic name entry element | Labour remuneration |
| 9 (RLIN) | 253032 |
| 650 ## - SUBJECT ADDED ENTRY--TOPICAL TERM | |
| Topical term or geographic name entry element | Fixed asset and depreciation accounting |
| 9 (RLIN) | 253033 |
| 942 ## - ADDED ENTRY ELEMENTS (KOHA) | |
| Source of classification or shelving scheme | Dewey Decimal Classification |
| Koha item type | Book |
| Call number prefix | 658.1511 MAHS |
| Withdrawn status | Lost status | Damaged status | Not for loan | Collection code | Home library | Current library | Source of acquisition | Cost, normal purchase price | Total Checkouts | Full call number | Barcode | Date last seen | Cost, replacement price | Price effective from | Koha item type | Date last checked out | Date acquired | Source of classification or shelving scheme | Inventory number |
|---|---|---|---|---|---|---|---|---|---|---|---|---|---|---|---|---|---|---|---|
| MCA | St Aloysius Institute of Management & Information Technology | St Aloysius Institute of Management & Information Technology | Higginbothams Pvt Ltd | 450.00 | 658.1511 MAHS | MCA12434 | 07/21/2025 | 382.50 | 07/16/2021 | Book | |||||||||
| MCA | St Aloysius Institute of Management & Information Technology | St Aloysius Institute of Management & Information Technology | Higginbothams Pvt Ltd | 450.00 | 1 | 658.1511 MAHS | MCA12435 | 07/21/2025 | 382.50 | 07/16/2021 | Book | 04/18/2023 | |||||||
| MBA | St Aloysius Institute of Management & Information Technology | St Aloysius Institute of Management & Information Technology | 325.00 | 658.1511 MAHS | MBA04032 | 05/23/2026 | 260.00 | 07/16/2021 | Book | 08/22/2006 | |||||||||
| MBA | St Aloysius Institute of Management & Information Technology | St Aloysius Institute of Management & Information Technology | 400.00 | 658.1511 MAHS | MBA07090 | 05/23/2026 | 340.00 | 07/16/2021 | Book | 07/16/2021 | Dewey Decimal Classification | Bill no:32; Bill dt:2009-11-24 | |||||||
| Reference Book | MBA | St Aloysius Institute of Management & Information Technology | St Aloysius Institute of Management & Information Technology | 400.00 | 658.1511 MAHS | MBA07091 | 07/21/2025 | 340.00 | 07/16/2021 | Book | 07/16/2021 | Dewey Decimal Classification | Bill no:32; Bill dt:2009-11-24 | ||||||
| MBA | St Aloysius Institute of Management & Information Technology | St Aloysius Institute of Management & Information Technology | 400.00 | 4 | 658.1511 MAHS | MBA07092 | 05/23/2026 | 340.00 | 07/16/2021 | Book | 05/07/2025 | 07/16/2021 | Dewey Decimal Classification | Bill no:32; Bill dt:2009-11-24 | |||||
| MBA | St Aloysius Institute of Management & Information Technology | St Aloysius Institute of Management & Information Technology | 400.00 | 658.1511 MAHS | MBA07093 | 05/23/2026 | 340.00 | 07/16/2021 | Book | 07/16/2021 | Dewey Decimal Classification | Bill no:32; Bill dt:2009-11-24 | |||||||
| MBA | St Aloysius Institute of Management & Information Technology | St Aloysius Institute of Management & Information Technology | 400.00 | 1 | 658.1511 MAHS | MBA07094 | 05/23/2026 | 340.00 | 07/16/2021 | Book | 06/24/2023 | 07/16/2021 | Dewey Decimal Classification | Bill no:32; Bill dt:2009-11-24 |